Statistiques concernant đŸŽ¶ Paroles "L'amour" Anne Sylvestre (fabulettes)

Cliquez ici pour prendre le quiz!

Statistiques générales

  • Ce quiz a Ă©tĂ© pris 12 fois
  • Le rĂ©sultat moyen est 106 sur 198

Statistiques - réponses

Mots% Correct
amour
100%
est
100%
l'
100%
Un
100%
un
100%
une
100%
aime
80%
C'
80%
Ça
80%
Comme
80%
comme
80%
de
80%
du
80%
Je
80%
la
80%
le
80%
les
80%
qui
80%
si
80%
t'
80%
tout
80%
aux
60%
beau
60%
grand
60%
mot
60%
dort
40%
eau
40%
fort
40%
mer
40%
oiseau
40%
suite
40%
belles
20%
Doit
20%
doit
20%
Ă©tonnant
20%
ĂȘtre
20%
haut
20%
loin
20%
lune
20%
plume
20%
rayon
20%
trésor
20%
vent
20%
vert
20%
vite
20%
chaud
0%
choses
0%
demain
0%
fĂȘte
0%
Jusqu'
0%
large
0%
lourd
0%
manteau
0%
plage
0%
planĂštes
0%
rose
0%
velours
0%

Distribution des résultats

Percentile par nombre de réponses

% des personnes avec chaque résultat

Votre développement - résultats

Vous n’avez pas pris ce quiz